000 00617nam a22002177a 4500
001 86517
003 UA-OsUOA
005 20211105210442.0
007 ta
008 20120904b un ||||| |||| 00| 0 ukr d
040 _aUA-OsUOA
_brus
_cUA-OsUOA
_dUA-OsUOA
041 _arus
080 _a94(47+57).10
090 _a94(47+57).10
_bС24
245 _aСВАГ. Управление пропаганды и С. И. Тюльпанов
_cпод ред. Бонвеча Б.
260 _aМ.
_bРоссия молодая
_c1994
300 _a256 с.
650 7 _a94 Історія
_2UDC
942 _cBK
_2udc
955 _a1
999 _c372599
_d372599